00679pab a2200193 454500008004000000100001800040245007300058260000900131300001600140362001000156650003300166650005800199650004200257650002000299773003400319909001000353999001700363952010500380180718b2006 xxu||||| |||| 00| 0 eng d aShaban, Abdul aRegional structures, growth and convergence of income in Maharashtra c2006 ap.1803-815. a6 May aIncome - India - Maharashtra aEconomic and social development - India - Maharashtra aEconomic growth - India - Maharashtra aEconomic growth aEconomic and Political Weekly a69595 c69595d69595 00104070aIIPAbIIPAd2018-07-19hVolume no: 41, Issue no: 18pAR70051r2018-07-19w2018-07-19yAR